Normal view
MARC view
Entry Uniform Title
001 - CONTROL NUMBER
- control field: 15647
003 - CONTROL NUMBER IDENTIFIER
- control field: dpl
005 - DATE AND TIME OF LATEST TRANSACTION
- control field: 20100820151658.0
008 - FIXED-LENGTH DATA ELEMENTS
- fixed length control field: 100820|||a|||||| | ||| d
040 ## - CATALOGING SOURCE
- Original cataloging agency: dpl
- Transcribing agency: dpl
130 ## - HEADING--UNIFORM TITLE
- Uniform title: Classic Library
670 ## - SOURCE DATA FOUND
- Source citation: Work cat.: (dpl): Maupassant, Guy De 1531, The best short stories /, 2004
670 ## - SOURCE DATA FOUND
- Source citation: Work cat.: (dpl): Maupassant, Guy De 1531, The best short stories /, 2004
